000 00598nam a2200193Ia 4500
003 GCL
008 140319s9999 xx 000 0 eng d
040 _aGCL /
_cGCL
082 0 4 _a808.02
_bM G
100 1 _aMAVCH,JAMES E.
245 1 0 _aGUIDE TO THE SUCCESSFUL THESIS AND DISSERTATION: A HAND BOOK FOR STUDENTS AND FACULTY /
_cMAVCH,JAMES E.
700 1 _aBIRCH, JACKW.
260 _a[S.N] :
_bMARCEL DEKKER, INC ،
_c1993
300 _a345 P
650 0 4 _aDISSERTATIONS, ACADEMIC
650 0 4 _aREPORT WRITING - BAND BOOKS MANUEL
650 0 4 _aRESEARCH HAND BOOKS MANUALS
942 _2ddc
_cBK
999 _c25525
_d25525